|
|
|
|
| LEADER |
00000cam a2200000 a 4500 |
| 001 |
vtls001086169 |
| 003 |
SK-MaSNL |
| 005 |
20260311120916.0 |
| 008 |
240226s1987 xo frlnp 001 0 slo |
| 015 |
|
|
|a SNBA1987
|
| 020 |
|
|
|q (viazané)
|
| 035 |
|
|
|a SNK000029008
|
| 040 |
|
|
|a SNK
|b slo
|c SNK
|e AACR2
|
| 041 |
0 |
|
|a slo
|
| 043 |
|
|
|a e-cs---
|
| 044 |
|
|
|a xo
|c SK
|
| 072 |
|
7 |
|a 347
|x Súkromné právo
|2 konspekt
|
| 072 |
|
7 |
|a 37.016
|x Učebné osnovy. Vyučovacie predmety. Učebnice
|2 konspekt
|
| 080 |
|
|
|a 347
|2 2011
|
| 080 |
|
|
|a (437)
|2 2011
|
| 080 |
|
|
|a (075.8)
|2 2011
|
| 245 |
0 |
0 |
|a Československé občianske právo
|n 2. zväzok
|c vypracoval kolektív autorov pod vedením Jána Lazara a Jiřího Švestku
|
| 250 |
|
|
|a 1. vyd.
|
| 260 |
|
|
|a Bratislava
|b Obzor
|c 1987
|
| 300 |
|
|
|a 437 strán
|c 21 cm
|
| 366 |
|
|
|e 7000 kusov
|
| 490 |
1 |
|
|a Vysokoškolské učebnice
|
| 504 |
|
|
|a Obsahuje bibliografické odkazy. Vecný register na strane 427-437
|
| 650 |
0 |
7 |
|a občianske právo
|2 SNKPH
|9 981
|
| 651 |
|
7 |
|a Československo
|2 SNKPHgeo
|9 21376
|
| 655 |
|
7 |
|a učebnice vysokých škôl
|2 SNKPH
|9 70191
|
| 700 |
1 |
|
|a Švestka, Jiří,
|d 1930-2019
|4 aut
|9 193458
|
| 700 |
1 |
|
|a Lazar, Ján,
|d 1934-
|4 aut
|9 245008
|
| 830 |
|
0 |
|a Vysokoškolské učebnice
|9 277152
|
| 954 |
|
|
|a odborná, vedecká literatúra pôvodná (slovenská)
|2 lita
|
| 958 |
|
|
|a RK
|
| 958 |
|
|
|a TL
|
| 958 |
|
|
|a NB
|
| 958 |
|
|
|a OND
|
| 958 |
|
|
|a UV
|
| 999 |
|
|
|c 533939
|d 535869
|
| 952 |
|
|
|a SNK
|b SNK
|y VYP
|7 0
|p 17A0919032
|o snkSC 67939/2
|i snkKSP 9037/87
|0 0
|1 0
|4 0
|d 2012-08-22
|f 1
|l 0
|r 2025-07-10 00:00:00
|w 2026-02-23
|
| 952 |
|
|
|a SNK
|b SNK
|y VYP
|7 0
|p 17A0614154
|o snkSC 67939/2 D1
|i snkKSP 9038/87
|0 0
|1 0
|4 0
|d 2009-05-15
|l 0
|r 2026-02-23 12:16:39
|w 2026-02-23
|